Alle Städte in NRW nach Buchstabe - G - Statistiken

Allgemein
  • Dieses Quiz wurde 140 mal gespielt
  • Das Durchschnittsergebnis liegt bei 10 aus 15
Antworten auf der Karte
Die Antworten werden auf der Karte rot bzw. grün angezeigt, abhängig davon wie oft sie richtig erraten wurden.
 
Antwortstatistiken
Name % Korrekt
Gelsenkirchen
95%
Gütersloh
85%
Greven
82%
Grevenbroich
79%
Gummersbach
76%
Geldern
73%
Geilenkirchen
66%
Goch
61%
Gevelsberg
59%
Gladbeck
57%
Gangelt
52%
Geseke
49%
Gronau (Westf.)
44%
Grefrath
43%
Gescher
36%
Keine übereinstimmenden Quizze gefunden
Verteilung der Resultate
Anzahl Personen mit jedem Resultat
Perzentil nach korrekt beantworteten Fragen
Ihre Resultats-Entwicklung
Sie haben dieses Quiz noch nicht gespielt